000 00887nam a2200217 a 4500
001 BRL_1656
005 20190320211317.0
008 210414s1922----gw-ae#####---#000-0#ger-#
041 _ager
044 _agw
050 4 _aPN3241
_b.D3 1922
130 0 _aOberammergauer Passionsspiel
_927553
245 1 0 _aDas passions-spiel in Oberammergau
_bein geistliches festspiel in drei abteilungen mit 24 lebenden bildern
_cMit Benützung der alten Texte verfasst von J. A. Daisenberger. Offizieller Gesamt-Text für das Jahr 1922 überarbeitet und neu herausgegeben von der Gemeinde Oberammergau.
260 _aDiessen vor München
_bJ. C. Huber
_c1922
300 _a149 p.
_bil., planos
_c16 cm.
500 _aAu1846
650 1 4 _aTeatro
_xParión de Cristo
_zOberammergau (Alemania)
_927554
700 1 _aDaisenberger, J. A.
_dJoseph Alois
_e1799-1883
_927555
902 _aGRL
942 _2lcc
_cB
999 _c10465
_d10465